L'Art religieux aprés le Concile de Trente (Record no. 96534)

MARC details
000 -LEADER
campo de control de longitud fija 00690nam a2200205 i 4500
001 - NÚMERO DE CONTROL
campo de control 96534
003 - IDENTIFICADOR DE NÚMERO DE CONTROL
campo de control ES-MaACL
005 - FECHA Y HORA DE LA ÚLTIMA TRANSACCIÓN
campo de control 20250812045003.0
007 - CAMPO FIJO DE DESCRIPCIÓN FÍSICA--INFORMACIÓN GENERAL
campo de control de longitud fija t|
008 - DATOS DE LONGITUD FIJA--INFORMACIÓN GENERAL
campo de control de longitud fija 050627s1932 fr ||||1| fre d
100 1# - ENTRADA PRINCIPAL--NOMBRE DE PERSONA
Nombre de persona Mâle, Emile.
9 (RLIN) 75743
245 12 - MENCIÓN DEL TÍTULO
Título L'Art religieux aprés le Concile de Trente
Resto del título : étude sur l'iconographie de la fin du XVI siècle... XVIII siècle /
Mención de responsabilidad, etc. Emile Mâle.
260 ## - PUBLICACIÓN, DISTRIBUCIÓN, ETC.
Lugar de publicación, distribución, etc. Paris :
Nombre del editor, distribuidor, etc. [s.n.],
Fecha de publicación, distribución, etc. 1932 (
Lugar de fabricación/manufactura Evreux :
Fabricante Imp. Herissey)
300 ## - DESCRIPCIÓN FÍSICA
Extensión 532 p. :
Otras características físicas il. ;
Dimensiones 29 cm.
650 #7 - PUNTO DE ACCESO ADICIONAL DE MATERIA--TÉRMINO DE MATERIA
Término de materia o nombre geográfico como elemento de entrada Arte religioso-
Subdivisión geográfica Europa
Fuente del encabezamiento o término
9 (RLIN) 164137
650 #4 - PUNTO DE ACCESO ADICIONAL DE MATERIA--TÉRMINO DE MATERIA
Término de materia o nombre geográfico como elemento de entrada Contrarreforma y arte.
9 (RLIN) 164138
852 ## - LOCALIZACIÓN
Ubicación ES-MaACL
Número de control de estantería A-1000
Sublocalización o colección R.11085
942 ## - ELEMENTOS DE ENTRADA SECUNDARIOS (KOHA)
Fuente del sistema de clasificación o colocación Clasificación decimal universal
Holdings
Estatus retirado Estado de pérdida Estado de daño No para préstamo Biblioteca de origen Biblioteca actual Ubicación en estantería Fecha de adquisición Fuente de adquisición Total de préstamos Signatura topográfica completa Código de barras Visto por última vez Precio de reemplazo Tipo de ítem Koha
        Biblioteca del Ateneo de Madrid Biblioteca del Ateneo de Madrid Sala Pecera Planta 1 17/01/2008     A-1000 1100783 23/02/2023 23/02/2023 Libro impreso